Mots croisés - aespa - Statistiques

Statistiques générales
  • Ce quiz a été pris 39 fois
    37 depuis la dernière actualisation
  • Le résultat moyen est 46 sur 86
Statistiques - réponses
Blocks Réponse % Correct
A E
83%
A G
83%
A O
83%
A R
83%
A U
83%
A E
76%
A A
72%
A I
72%
A N
72%
A S
72%
A V
72%
A E
69%
A N
66%
A A
62%
A A
62%
A A
62%
A A
62%
A C
62%
A E
62%
A E
62%
A E
62%
A G
62%
A G
62%
A H
62%
A I
62%
A I
62%
A I
62%
A M
62%
A N
62%
A O
62%
A R
62%
A R
62%
A U
62%
A A
55%
A N
55%
A B
52%
A D
52%
A H
52%
A I
52%
A I
52%
A L
52%
A L
52%
A M
52%
A O
52%
A R
52%
A R
52%
A T
52%
A W
52%
A Y
52%
A Z
52%
A M
48%
A M
48%
A O
48%
A O
48%
A Z
48%
A :
41%
A B
41%
A E
41%
A E
41%
A G
41%
A H
41%
A H
41%
A I
41%
A I
41%
A K
41%
A L
41%
A N
41%
A P
41%
A R
41%
A R
41%
A S
41%
A S
41%
A T
41%
A T
41%
A T
41%
A Y
41%
A Y
41%
A D
34%
A I
34%
A U
34%
A A
31%
A F
31%
A H
31%
A L
31%
A S
31%
A W
31%
Aucun quiz correspondant
Distribution des résultats
% des personnes avec chaque résultat
Percentile par nombre de réponses
Votre historique - résultats
Vous n’avez pas pris ce quiz depuis la dernière actualisation